00405nam a22001337a 4500999001900000040000800019082001300027100003100040245002800071260004500099300001000144942001200154952010500166 c534130d534130 cdlc a891.4394 aCol. Ashfaq Hussain928274 aGentleman - Allah Allah aLahorebIdara e Matboaat Sulemanicc2008 a223;p 2ddccBK 00102ddc4070aNITbNITd2020-02-04l1o891.4394pNIT-9637r2024-05-31s2024-04-16w2020-02-04yBK